| 000 | 00350nam a22001457a 4500 | ||
|---|---|---|---|
| 008 | 230518b ||||| |||| 00| 0 eng d | ||
| 020 | _a9781414476049 | ||
| 041 | _aeng | ||
| 080 |
_2THIRD EDITION _a030 |
||
| 082 | _a030APP | ||
| 100 | _a44 | ||
| 101 | _aENCIK | ||
| 245 |
_aTHE GALE ANCYCLOPEDIA OF GENETIC DISORDERS _cAPPENDIX |
||
| 942 |
_2udc _cBK |
||
| 999 |
_c59772 _d59772 |
||